[Event "EU-chT (Men) 15th"]
[Site "Gothenburg"]
[Date "2005.08.07"]
[Round "9.1"]
[White "Agrest, Evgenij"]
[Black "Svidler, Peter"]
[Result "0-1"]
[WhiteElo "2592"]
[BlackElo "2738"]
[Annotator "Hazai,L"]
[PlyCount "98"]
[EventDate "2005.07.30"]
[EventType "team-swiss"]
[EventRounds "9"]
[EventCountry "SWE"]
[SourceTitle "CBM 109"]
[Source "ChessBase"]
[SourceDate "2005.11.14"]
[SourceVersion "1"]
[SourceVersionDate "2005.11.14"]
[SourceQuality "1"]
[WhiteTeam "Sweden"]
[BlackTeam "Russia"]
[WhiteTeamCountry "SWE"]
[BlackTeamCountry "RUS"]

1. d4 g6 2. c4 Bg7 3. Nf3 Nf6 4. Nc3 O-O 5. Bg5 {This setup has earned some
popularity these days, although it's main advantage is that White can avoid
the theoretical main lines and the position has a complex strategical
character with many possibilities for transpositions.} c5 6. d5 d6 7. e3 h6 8.
Bh4 a6 {/\ b5} (8... g5 9. Bg3 Nh5 {and}) (8... e6 {are the major alternatives
here.}) 9. Nd2 {against g5 and Nh5.} (9. a4 {White radically prevents Black
from b7-b5.} g5 (9... e5 $6 {closes the long /^ and Black cannot organize
easily counterplay on the >>.} 10. Nd2 Qe8 {/\ Nh7, f5} (10... Qc7 11. Be2 $5 (
11. Bd3 Nh7 12. e4 f5 13. exf5 gxf5 14. O-O Nd7 15. f3 e4 $1 16. fxe4 Ne5 17.
Nf3 f4 18. Qd2 Bg4 19. Nxe5 Bxe5 $44 {Jussupow-Mochalov, Minsk 1982}) 11... Nh7
12. O-O f5 13. f4 $14) 11. Be2 Nh7 12. g4 (12. O-O f5) 12... f5 13. gxf5 Bxf5 {
(Ibrahimov-Purtov, Alushta 2004)} 14. Nde4 Qd7 15. Rg1 g5 16. Bg3 $14) (9...
Qa5 {Black has no counterplay on the <<.} 10. Bd3 Bg4 11. Ra3 Nbd7 12. h3 Bxf3
13. gxf3 Rfe8 14. f4 $14 {Akobian-Muhammad, New York 2003}) (9... Qb6 10. Ra3 (
10. Ra2 g5 11. Bg3 Nh5 {Black wants to exchange the important dark-squared B.}
12. Nd2 Nxg3 13. hxg3 f5 14. f4 gxf4 15. gxf4 e5 16. dxe6 Bxe6 17. Rh3 Qd8 18.
Bd3 Nc6 $132 {and White cannot connect his rooks, Soppe-Shchekachev, Santo
Domingo 2002.}) 10... g5 11. Bg3 Nh5 12. Nd2 Nxg3 13. hxg3 Nd7 14. Bd3 (14. Be2
$5) 14... Ne5 15. Bb1 f5 16. Qc2 Bd7 $13 {Oim-Tal, Parnu 1971}) (9... e6 {
leads to Benoni type of positions.}) 10. Bg3 Nh5 $132 {is the typical
counterplay for Black.}) 9... Nbd7 ({The idea to play a Benko Gambit type of
position after} 9... b5 {is not quite correct, for example:} 10. cxb5 Nbd7 (
10... axb5 11. Bxb5 Ba6 12. Bxa6 Rxa6 13. Qe2 Qb6 14. Nc4 Qb7 15. e4 Nbd7 16.
O-O $16) 11. bxa6 $5 (11. a4 axb5 12. Bxb5 Ba6 13. Nc4 Nb6 14. Na3 $14 {
Hellsten-Salguero, Mendoza 2004}) 11... Bxa6 12. Bxa6 Rxa6 13. O-O $14) (9...
e6 {is still valid.}) 10. a4 {Radically preventing the push b7-b5.} (10. Be2
Nh7 (10... b5 $5 {here looks better than before.}) 11. e4 {Now Black can play
for a blockade on the dark squares securing the e5 square for his N.} (11. f4 {
was an interesting alternative against this plan, for example:} g5 $6 12. Bg3)
(11. O-O g5 12. Bg3 f5 $132) 11... Ne5 $1 12. Bg3 (12. f4 g5 $1 {This is the
main idea of Black playing on the dark squares.} 13. Bg3 gxf4 14. Bxf4 Ng6 $132
) 12... f5 13. f4 (13. exf5 Bxf5 $132) 13... Ng4 {Now the P structure will be
corrupted, but Black gets the ^^.} (13... Nf7 {is passive.} 14. O-O) 14. Bxg4
fxg4 15. O-O (15. e5 Bf5 (15... g5 16. fxg5 Nxg5 17. e6) 16. O-O g5 $15 (16...
b5 $5)) 15... Nf6 {The N has to come back immediataly.} 16. e5 (16. f5 $5 gxf5
17. exf5 b5 18. Qe2 $13) 16... Nh5 17. Qe2 (17. e6 $2 {was the interesting
idea, when Black has to do efforts to develope his B, the only problem is that
White gets mated after} Nxg3 18. hxg3 (18. Qxg4 Nxf1 19. Rxf1 Kh7) 18... Bd4+
19. Kh2 Rf5 {/\ Rh5}) 17... Nxg3 18. hxg3 b5 $1 19. Rae1 (19. e6 $2 {is still
bad on account of} Bd4+ 20. Kh1 Rf5) 19... Bf5 $36 {Jussupow-Gallagher,
Dresden 1998 CBM 065}) 10... Qb6 (10... Ne8 {/\ Nc7} 11. f4 $1 (11. e4 g5 12.
Bg3 Ne5 13. Be2 f5 $11 {Speelman-Lanka BL 1996/97 69/(501)}) 11... Rb8 {
/\ b7-b5} 12. Be2 Nc7 13. e4 {White has got a total control over the centre.} (
13. O-O $6 b5 14. axb5 axb5 15. cxb5 $2 Bxc3 $1 16. bxc3 Nxd5 $17) 13... Nf6 {
(Glek-Lanka, Linz 1997 CBM 059 69/501)} (13... Bd4 14. Nf3) (13... b5 14. axb5
axb5 15. cxb5 Nf6 16. Ra7 Bd7 17. Qa4 $16) 14. O-O $1 $14 {was simple and good!
}) 11. Ra3 Re8 {preparing e7-e6, but is it playable without preparation?} (
11... e6 12. Be2 {cannot be refutation, then Re8 was not necessary.} (12. dxe6
{weakens Black's P structure, mainly >< g6 but how can White exploit it?} fxe6
13. Qc2 Kh7 14. Bxf6 Rxf6 (14... Nxf6 $2 15. Bd3 $16) 15. h4 Kh8 16. h5 g5 17.
Nde4 Rf7 {and Black can defend his somewhat weakened >>.}) 12... exd5 13. cxd5
Re8 14. O-O {- 11...Re8}) 12. Be2 e6 13. O-O (13. dxe6 {is again not logical
giving up the space advantage in the [+].} Rxe6 (13... fxe6 14. Qc2) 14. O-O
Ne5) 13... exd5 14. cxd5 {We have now a Benoni type of position where White's
chances are preferable.} Ne5 15. Bg3 {White's only problem is his dark-squared
B.} (15. Bxf6 {gives up the vital B, but gains a lot of tempi for an -> on the
>>.} Bxf6 16. Nde4 Bg7 17. f4 (17. a5 Qd8 18. f4 Nd7 {- 17.f4}) 17... Nd7 18.
a5 Qd8 19. f5 {White has gained a lot of space but irreversibly weakened >< e5.
} Ne5 (19... Bxc3 $6 20. Nxc3 Rxe3 21. Qd2 $40) 20. f6 Bf8 21. h4 b5 22. axb6
Qxb6 23. h5 $13 {with a rather original middlegame position.}) 15... Qc7 16. h3
{/\ f4} (16. e4 g5 {fighting for the dark squares and securing the strong
centralized N.}) 16... g5 ({There is no time for quiet plans.} 16... b6 17. f4
Ned7 18. e4 $16) 17. f4 {White begins his advance in the [+], but this also
weakens the e <->.} (17. a5 $5) 17... gxf4 18. exf4 (18. Rxf4 Ng6) 18... Ng6
19. f5 Ne7 {counterattacking >< d5 and f5.} (19... Ne5 20. Nde4) 20. Bd3 (20.
Nc4 Nxf5 21. Rxf5 Bxf5 22. Nxd6 Bg6 23. Nxe8 Qxg3 24. Ne4 Qf4 25. N8xf6+ Bxf6
26. Nxf6+ Qxf6 $11) 20... Nexd5 21. Nxd5 Nxd5 22. Nc4 {White has a strong |^
for the P, but the position remains very complicated as in the Benoni most of
the cases.} Qc6 (22... Rd8 23. Qf3 Nf6 24. a5 $44 {trying to paralyze Black's
<<.}) 23. f6 Nxf6 (23... Bxf6 24. Qh5 $44) 24. Nxd6 Be6 (24... Rd8 25. Bc4 (25.
Nxc8 Raxc8) 25... Be6 26. Bxe6 fxe6 27. Be5 $44) 25. Nxe8 Rxe8 {Black has a P
and active pieces for the exchange, White has to find a target.} 26. Bh4 Bd5
27. Bc2 $1 {clearing the way for the R on the third rank.} (27. Rf5 Bxg2 28.
Bc4 Be4 29. Rf4 $13) 27... Ne4 28. Raf3 Ng5 $6 (28... Bxb2) 29. Rg3 Re5 $6 (
29... Be5 30. Rg4 $36) 30. Bxg5 hxg5 {Black has a strong ^^, and the
fianchettoed B defends his somewhat weakened >>.} 31. Qh5 Qh6 32. Qg4 {White
wants to keep his active Q.} (32. Qxh6 Bxh6 33. Rf5 Rxf5 34. Bxf5 {and the _|_
can only be better for White.}) 32... c4 (32... Be6 33. Bf5 $16) 33. Qc8+ Bf8
34. Qd8 $6 {White unnecessarily complicates matters.} (34. Rf5 $1 Be6 (34...
Rxf5 35. Qxf5 $18) 35. Rxe5 Bxc8 36. Rgxg5+ $18) 34... Kg7 35. a5 {White has
lost the thread probably already in time trouble.} Be7 36. Qc8 Qe6 37. Qxe6
Bxe6 {The _|_ is already better for Black!} 38. b3 $2 (38. Ra1 f5 $36) 38...
Rxa5 39. bxc4 Bxc4 40. Bd3 Be6 41. Be4 b5 42. Rb1 b4 43. Bc2 Ra2 44. Bb3 Ra3
45. Kf2 a5 46. Rf3 Rxb3 47. Rfxb3 Bxb3 48. Rxb3 a4 49. Rb1 a3 0-1

[Event "Voronezh m"]
[Site "Voronezh"]
[Date "2003.06.15"]
[Round "4"]
[White "Chernyshov, Konstantin"]
[Black "Svidler, Peter"]
[Result "1-0"]
[WhiteElo "2524"]
[BlackElo "2713"]
[Annotator "Hazai,L"]
[PlyCount "83"]
[EventDate "2003.06.12"]
[EventType "match"]
[EventRounds "4"]
[EventCountry "RUS"]
[SourceTitle "CBM 096"]
[Source "ChessBase"]
[SourceDate "2003.09.25"]
[SourceVersion "1"]
[SourceVersionDate "2003.09.25"]
[SourceQuality "1"]

1. d4 Nf6 2. c4 g6 3. Bg5 Bg7 (3... Ne4 $5) 4. Nc3 h6 (4... c5 {was played in
the second game of their match, which is also playable.}) 5. Bxf6 {Exchanging
the important dark-squared B cannot be a good strategy} (5. Bh4 $1) 5... Bxf6
$11 6. e4 d6 7. f4 e5 (7... c5 {opening up the long /^ for the B looks more
common.} 8. dxc5 (8. d5 O-O) 8... Qa5) 8. dxe5 dxe5 9. Qxd8+ {In the _|_ Black
can hold his own because of his ^^.} Bxd8 (9... Kxd8 {deserves attention as
well, for example:} 10. O-O-O+ Nd7 11. Nd5 Bg7 12. fxe5 Bxe5 13. Nf3 Bg7 14.
Bd3 (14. e5 Re8) 14... c6 {and the N has to leave the [+].}) 10. fxe5 c6 (10...
Nc6 {is the other idea to get back the P, but then Black has to exchange the
^^.} 11. Nf3 Bg4 12. O-O-O Bxf3 (12... Bg5+ 13. Kc2 Bxf3 14. gxf3 Nxe5 15. f4 (
15. Nd5 Bd8 16. f4 Ng4) 15... Bxf4 16. Nd5 Ng4 17. Nxf4 Ne3+ 18. Kc1 Nxd1 19.
Kxd1 O-O-O+ 20. Kc2 $14 {and two pieces are a bit better than R+P.}) 13. gxf3
Nxe5 14. f4 Ng4 15. Rg1 Ne3 16. Rd3 Nxf1 17. Rxf1 c6 18. e5 $14 {/\ Ne4 and
Black still has problems with his development.}) 11. Nf3 Bc7 12. O-O-O Bg4 13.
h3 Be6 $6 {Black probably didn't see the following tactical blow.} (13... Bxf3
{was the logical continuation.} 14. gxf3 Bxe5 15. Ne2 Nd7 16. f4 Bc7 $11) 14.
Be2 Nd7 $6 {[#]} (14... O-O) 15. Nd5 $1 {[%mdl 64] This is the point!} Bb8 (
15... cxd5 16. cxd5 Bxe5 17. dxe6 Bf4+ 18. Kb1 fxe6 19. Rhf1 $16 {with a much
better development for White.}) 16. Nf6+ Ke7 (16... Nxf6 17. exf6 O-O 18. e5
$16) 17. Nxd7 Bxd7 18. c5 {gaining more space on the <<, while Black is unable
to get back the lost P.} (18. Rd2 Bc7 19. Rhd1 Rhd8) 18... Be6 19. Rd4 Bc7 (
19... Bxa2 {allows White to penetrate on the 7-th rank.} 20. b3 Bxb3 21. Rb4
Be6 22. Rxb7+ Ke8 23. Ba6 Bc8 24. Kc2 $16) 20. Rhd1 Rhd8 21. Ra4 a5 {This
weakness will be vulnerable in the long run.} (21... a6) 22. Rxd8 Rxd8 23. Kc2
Rg8 24. a3 g5 25. g4 h5 26. Nd4 hxg4 27. Bxg4 Bxg4 28. hxg4 Bxe5 (28... Rh8)
29. Nf5+ Kd7 (29... Ke6 30. Rxa5) 30. Rxa5 Rh8 31. b4 Rh4 $2 {This looks witty,
because White cannot take the R, but in fact this move leads to a lost _|_.} (
31... Rh2+ 32. Kd3 Rh3+) 32. Ra7 $1 $18 (32. Nxh4 $4 {falls into the trap!}
gxh4 33. Ra8 h3 34. Rf8 Ke7 $19) 32... Rxg4 (32... Kc7 $2 {is already met by}
33. Nxh4 gxh4 34. Ra8 h3 35. Rf8 $18) 33. Rxb7+ Bc7 34. Nd6 Rg2+ 35. Kd3 Rg3+
36. Kd4 Rxa3 37. b5 Ra4+ 38. Ke5 cxb5 39. Kd5 Ra1 40. c6+ Kd8 41. Nxf7+ Kc8 42.
e5 1-0

[Event "Hoogovens"]
[Site "Wijk aan Zee"]
[Date "1998.02.01"]
[Round "13"]
[White "Salov, Valery"]
[Black "Timman, Jan H"]
[Result "0-1"]
[WhiteElo "2680"]
[BlackElo "2635"]
[Annotator "Ribli,Z"]
[PlyCount "78"]
[EventDate "1998.01.16"]
[EventType "tourn"]
[EventRounds "13"]
[EventCountry "NED"]
[EventCategory "17"]
[SourceTitle "CBM 063"]
[Source "ChessBase"]
[SourceDate "1998.03.26"]
[SourceVersion "1"]
[SourceVersionDate "1998.03.26"]
[SourceQuality "1"]

1. c4 {Hansen,Cu} Nf6 2. Nc3 c5 3. g3 Nc6 (3... d5 4. cxd5 Nxd5 5. Bg2 Nc7 6.
Qb3 $14) 4. Bg2 g6 (4... b6 5. e3 Bb7 6. d4 g6 7. Nge2 Bg7 8. d5 Na5 9. b3 e6
10. O-O exd5 11. cxd5 d6 12. e4 O-O 13. Bf4 Ng4 14. Qd2 Ba6 15. Rac1 b5 {
1/2-1/2 Simic,R-Kluss,K/Bad Mergentheim op 1989 (40)}) 5. e3 {Weiß folgt dem
Philidor-Prinzip und platziert seine Figuren hinter den Bauern.Ribli.} (5. Nf3
Bg7 6. O-O O-O 7. d4 $14 {In symmetrischer Stellung beginnt Weiß mit einer
Aktion, und das bedeutet stets einen kleinen Vorteil.}) 5... d6 (5... b6 6.
Nge2 Bb7 7. O-O Na5 8. Nd5 Bg7 9. Rb1 e6 10. b4 cxb4 11. Nxf6+ Bxf6 12. Bxb7
Nxb7 13. Rxb4 O-O 14. Nf4 Qc7 15. d3 Qc6 16. h4 {1-0 Csom,I-Sapi,L/HUN-ch 1976
(40)}) 6. d4 {Hansen,Cu: I wonder why white did not play:} (6. Nge2 Bd7 (6...
Bg7 {Hansen,Cu} 7. O-O O-O 8. d4 $14) 7. d4 Bg7 8. O-O Qc8 9. Re1 O-O 10. b3
Bh3 11. Bh1 h5 12. Bb2 h4 13. Qd2 hxg3 14. hxg3 Bg4 15. Nf4 Nh5 16. dxc5 dxc5
17. Ncd5 Nxf4 18. exf4 Be6 19. Bxg7 Kxg7 20. Qe3 Rh8 21. Bg2 {1-0 Oliwa,
M-Ciemniak,R/POL-chT 1994 (31)}) 6... Bg4 $5 $146 {Mit dieser
Läuferentwicklung provoziert Schwarz den Zug h2-h3, worauf der Läufer sich
zurückzieht. Durch das spätere Qd7 oder Qc8 kann er das Tempo aber
zurückgewinnen.} (6... cxd4 7. exd4 Bg7 8. Nge2 O-O 9. b3 Bf5 10. Bb2 Nb4 11.
O-O Rb8 12. Nf4 Re8 13. Nfe2 Bh6 14. f4 Bg7 15. Qd2 a5 16. Kh1 Qc8 17. Rad1 b6
18. a3 Nd3 19. Ba1 Ng4 20. Kg1 Qe6 21. Rf3 Ngf2 22. Rxf2 Nxf2 23. Kxf2 Qc8 24.
Nb5 $18 {1/2-1/2 Urban,M-Lips,F/CZE Tschechien-ch 1995 (57)}) 7. Nge2 Bg7 8. d5
$6 $13 {Dieser Zug gefällt mir nicht. Mit der Partiefortsetzung öffnet Weiß
die Diagonale für den schwarzen Bg7, und Schwarz bekommt gefährliche
Initiative am Damenflügel.Ribli.} (8. h3 Bd7 9. O-O O-O 10. b3 a6 11. Bb2 Rb8
12. dxc5 dxc5 13. Na4 {[%cal Ra4c5]} b6 14. Rc1 (14. Nf4) 14... Qc8 $11) 8...
Na5 {Auf den ersten Blick steht der Springer schlecht auf a5, aber in
Wirklichkeit füllt er eine aktive Rolle im schwarzen Spiel am Damenflügel aus.}
(8... Ne5 9. f4 (9. O-O O-O (9... Nxc4 $4 10. Qa4+ $18) 10. b3 Nf3+ 11. Kh1 Ne4
12. Qc2) 9... Ned7 (9... Nxc4 $4 10. Qa4+ $18) 10. h3 Bxe2 11. Qxe2 $14) 9. O-O
O-O 10. h3 (10. b3) 10... Bd7 11. b3 a6 {[%cal Rb7b5]} 12. Rb1 (12. a4 $6 {
[%csl Rb3,Rb4] Dieser Zug schwächt nur den weißen Damenflügel. Weiß kann den
Vorstoß b7-b5 ohnehin nicht verhindern.} Ne8 {[%cal Ge8c7] Schwarz platziert
den Springer nach c7 und spielt anschließend b7-b5 mit aktivem schwarzen Spiel.
}) 12... b5 {Hansen,Cu: The position is somewhat similar to certain g3-lines
in the Kings-indian. However the diffence - white N og e2 instead of d2 - is
clearly to blacks advantage. The fight is for a great part about the square c4.
From e2 the N is many moves away from controlling that square.} 13. cxb5 axb5
14. b4 {Eine typisch positionelle Lösung. Mit dem Partiezug stoppt Weiß den
schwarzen b-Bauern und gewinnt einen Angriffspunkt - den Pb5.} cxb4 15. Rxb4
Qc8 {[%cal Rc8h3] Hier sehen wir die Idee des sechsten Zuges von Schwarz. Weiß
muß ein Tempo mit der Verteidigung des Ph3 verlieren, während Schwarz seine
Stellung am Damenflügel verbessert.} 16. Kh2 (16. Nxb5 $6 Bxh3 (16... Qc5 {
[%cal Rc5b4,Rc5b5]} 17. Qd4 Rab8 $15 (17... Nxd5 $15)) 17. Bxh3 Qxh3 $15) 16...
Qc5 {[%csl Rc4,Gc5]} 17. a3 (17. Ba3 $2 Nc4 $19) 17... Rfc8 $15 {[%cal Gg7a1,
Gc8c1,Ga8a1] Schwarz hat sehr aktives Figurenspiel am Damenflügel, Weiß
hingegen kommt nicht zu Gegenspiel.} 18. e4 {[%cal Rc1e3]} Nc4 {[%csl Gc4] Das
wendet die Drohung 18.Be3 ab. Zudem hängt der Pa3, und der Springer steht sehr
gut auf c4.} 19. Qb3 Rab8 20. Nd1 {Die weißen Springer waren gefesselt. Nach
einem Zug des Ne2 ging immer 20...Nxa3, und der Nc3 wäre nicht gedeckt.} (20.
Nf4 $6 Nxa3 21. Bxa3 Qxc3 $17) 20... Ne8 {Hansen,Cu: The last black minor
piece is directed to the main battlefield on the Q-side. White will soon be
overpovered on that part of the board. Dieses Springermanöver ist typisch für
das Wolgagambit. In unserer Stellung zielt er ebenfalls nach c7 und später
nach a6.} 21. Ne3 Nc7 {[%cal Rc7a6] Natürlich tauscht Schwarz die Springer
nicht von selbst.} (21... Nxe3 $6 22. Bxe3 Qc2 23. Nd4 $11) 22. Qd1 {Weiß
macht Platz für den Rb4.} (22. Nxc4 {Hansen,Cu} bxc4 23. Qxc4 Bb5 $1 {and
white is in trouble}) 22... Na6 23. Rb3 Ra8 24. Nf4 $6 (24. f4 $5 {Meiner
Meinung nach kann Weiß nichts verlieren. Er steht schlecht am Damenflügel, von
daher muß er versuchen, Gegenspiel im Zentrum zu finden.}) 24... Qc7 $1 {
[%cal Ra6c5] Schwarz räumt das Feld c5 für den Springer. Danach ist der Pa3
kaum noch zu halten.} 25. Rb1 {Hansen,Cu: White had to try:} (25. Nd3 {Hansen,
Cu =/+/-/+}) 25... Nc5 26. Rb4 (26. Nc2 {Hansen,Cu} Na4 $36 {[%cal Ra4c3]})
26... Nxa3 $17 {Schwarz hat einen Bauern gewonnen und besitzt einen Freibauern
auf der b-Linie.} 27. Bb2 {Es ist logisch, daß Weiß den starken schwarzen
Läufer abtauscht.} Bxb2 28. Rxb2 Ra4 {[%csl Ga3,Ga4,Gc5] Hansen,Cu: White has
nothing for his P} 29. Ng4 {Weiß versucht, im Trüben zu fischen. Da der zweite
Bauer nichts zählt, sucht er am Königsflügel nach taktischen Gegenchancen.}
Nxe4 30. Nh6+ (30. Bxe4 Rxe4 31. Qa1 {[%cal Ga1h8]} Qc3 $17 (31... Nc4 32. Re2
Rxe2 $2 (32... Bxg4 33. Rxe4 Nd2 $17) 33. Nh6+ Kf8 34. Qh8#)) 30... Kg7 31.
Nxf7 {Zum Unglück von Weiß verschafft ihm sein Kamikaze-Springer keine
ausreichenden Gegenchancen.} Kxf7 32. Bxe4 Rxe4 33. Qf3 {[%cal Gf3f7,Rf3e4]}
Qc3 $1 $19 (33... Rxf4 34. Qxf4+ Kg8 35. Re2 $17) 34. Nd3+ (34. Qxe4 Qxb2 $19)
34... Bf5 {Schwarz hat eine Figur mehr. Der weiße Angriff ist leicht
abzuwehren.} 35. g4 Rxg4 $1 (35... Rd4 36. gxf5 Qxd3 37. fxg6+ Kxg6 38. Rg1+
Kh6 39. Qf7 $18 {[%csl Rh6]}) 36. Rb3 (36. hxg4 Qxd3 37. Qxd3 (37. Qf4 Rc4 $19)
37... Bxd3 $19) 36... Qxb3 37. Ne5+ dxe5 38. Qxb3 {Nun hat Weiß die Dame
gewonnen. Und dennoch befindet sich Schwarz im Vorteil - er hat R, N und B für
die Q.} Rh4 39. d6+ (39. Qxa3 Rxh3+ (39... b4) 40. Qxh3 Bxh3 41. Kxh3 $19 {
Und das Endspiel mit drei Mehrbauern ist leicht für Schwarz gewonnen.}) 39...
Nc4 {In dieser verlorenen Stellung gab Weiß auf.Ribli.} 0-1

[Event "EU-Cup 22nd"]
[Site "Fuegen"]
[Date "2006.10.09"]
[Round "2.1"]
[White "Agrest, Evgenij"]
[Black "Morozevich, Alexander"]
[Result "0-1"]
[WhiteElo "2557"]
[BlackElo "2747"]
[Annotator "Krasenkow,M"]
[PlyCount "116"]
[EventDate "2006.10.08"]
[EventType "team-swiss"]
[EventRounds "7"]
[EventCountry "AUT"]
[SourceTitle "CBM 115"]
[Source "ChessBase"]
[SourceDate "2006.11.15"]
[SourceVersion "1"]
[SourceVersionDate "2006.11.15"]
[SourceQuality "1"]
[WhiteTeam "Sollentuna"]
[BlackTeam "Tomsk 400"]
[WhiteTeamCountry "SWE"]
[BlackTeamCountry "RUS"]

1. d4 Nf6 2. c4 g6 3. Nc3 Bg7 4. Nf3 d6 5. Bg5 h6 6. Bh4 g5 7. Bg3 Nh5 8. e3 e6
9. Nd2 Nxg3 10. hxg3 Nd7 11. Qa4 $6 $146 {A strange idea - to waste a tempo
provoking castling. It is interesting how Morozevich reacts.} (11. Be2 Qe7 12.
Qc2 a6 13. b4 c5 14. bxc5 dxc5 15. Nb3 cxd4 16. exd4 O-O 17. O-O Nf6 18. Rfe1
Qc7 19. Rac1 Bd7 {1/2-1/2 Zaitsev,A-Petrosian,T/Moscow 1971/EXT 2001 (42)})
11... O-O 12. Qc2 c5 13. d5 Nb6 {According to Dr.Tarrasch, not the best square
for the knight. However, Black prepares ...e6xd5.} (13... Ne5 $5 {was another
option.}) 14. Bd3 exd5 15. cxd5 f5 16. a4 {[%cal Ya4a5]} f4 $6 (16... Qf6 {
was more solid.}) 17. gxf4 gxf4 18. exf4 Rxf4 19. Bh7+ Kh8 20. Be4 Qg5 21. Ne2
(21. g3 Rf8 (21... Rf5 22. Qd3) 22. a5 Nd7 23. Nf3 Qf6 24. O-O-O $36) 21... Rf5
$1 {The d5 pawn is now hanging.} 22. Nf3 (22. Bxf5 Bxf5 23. Qb3 Qxg2 {is
clearly favorable for Black.}) 22... Qf6 ({After} 22... Qxg2 {White has a draw,
which Black probably didn't want:} 23. Rh2 (23. Rg1 $5 Qh3 24. Ng3 Rf4 25. Rh1
Qd7 $13) 23... Qg4 24. Rh4 Qg2 25. Rh2) 23. Ng3 $6 (23. O-O $5) (23. Rd1 $5)
23... Rf4 24. a5 Nd7 $6 (24... Qxb2 $5 25. Rxh6+ Kg8 26. Qxb2 Bxb2 $13) 25.
O-O-O Nf8 26. Rd2 Bg4 27. Nh2 $6 (27. Ne2 $1 {was very strong:} Rxf3 (27...
Qxb2+ 28. Qxb2 Bxb2+ 29. Rxb2 Rxe4 30. Rxh6+ Kg7 31. Rxd6 $16) 28. gxf3 Bxf3
29. Bxf3 Qxf3 30. Ng3 $16) 27... Re8 28. f3 Bd7 29. Nh5 Qg5 30. Nxg7 $2 {
Here, too, it was better to take the exchange.} (30. Nxf4 Qxf4 31. Nf1 $16)
30... Kxg7 31. g3 Rf7 32. f4 Qf6 {[%csl Rh2] Because of his poor knight White
can't make use of the exposed position of the black king.} 33. Re2 Rfe7 34.
Rhe1 b5 {Starting queenside counterplay.} 35. Qd2 (35. axb6 axb6 36. Nf3 Bg4 $1
) 35... b4 36. Bd3 $6 (36. Bf3 $142 Rxe2 37. Rxe2 Rxe2 38. Qxe2 Qd4 39. Bg4
$132) 36... Rxe2 37. Rxe2 Qd4 $1 38. Rxe8 Bxe8 $17 {The position has
simplified and White's pawn weaknesses (a5,d5) become painful.} 39. Qe2 Bf7 40.
Bc4 (40. Be4 Qg1+ 41. Nf1 Nd7 $17) 40... Qg1+ (40... Bh5 $142 $1 41. Qe7+ Kg8
$17) 41. Nf1 Ng6 42. Qe4 (42. Kc2 $142 $15) 42... h5 43. Be2 (43. Bd3 $5) 43...
Qf2 44. Ne3 Qe1+ 45. Bd1 Kf8 $1 46. Qf3 h4 47. gxh4 Qxh4 {[%csl Rd5,Rf4]} 48.
Ng4 $2 {After this passive move Black consequently brings home his advantage.}
(48. Nf5 $1 {was necessary. After} Qxf4+ (48... Qf6 49. Qe4) 49. Qxf4 Nxf4 50.
Bb3 (50. Nxd6 $143 Bxd5) 50... Bxd5 51. Bxd5 Nxd5 52. Nxd6 {White keeps good
drawing chances}) 48... Ne7 (48... Qh5 $5 $17) 49. Ne3 Qf6 50. Qe4 Bg6 51. Qc4
Qh4 52. Qf1 Be4 53. Bb3 Qg3 54. Kd2 Nf5 55. Qe2 Qxf4 56. Bc4 Ke7 57. Qe1 Kf6
58. b3 Qxe3+ 0-1